Biochemistry: the molecular basis of cell structure and function. (Record no. 163586)
[ view plain ]
| 000 -LEADER | |
|---|---|
| fixed length control field | 00583nam a2200205Ia 4500 |
| 003 - CONTROL NUMBER IDENTIFIER | |
| control field | OSt |
| 005 - DATE AND TIME OF LATEST TRANSACTION | |
| control field | 20230504142256.0 |
| 008 - FIXED-LENGTH DATA ELEMENTS--GENERAL INFORMATION | |
| fixed length control field | 210423s1970 xx 000 0 und d |
| 020 ## - INTERNATIONAL STANDARD BOOK NUMBER | |
| International Standard Book Number | - |
| 040 ## - CATALOGING SOURCE | |
| Transcribing agency | AL |
| 041 ## - LANGUAGE CODE | |
| Language code of text/sound track or separate title | eng |
| 082 ## - DEWEY DECIMAL CLASSIFICATION NUMBER | |
| Classification number | 574.192 |
| Edition number | 23 |
| Item number | LEHA |
| 100 ## - MAIN ENTRY--PERSONAL NAME | |
| Personal name | LEHNINGER (Albert L). |
| 9 (RLIN) | 97685 |
| 245 ## - TITLE STATEMENT | |
| Title | Biochemistry: the molecular basis of cell structure and function. |
| 260 ## - PUBLICATION, DISTRIBUTION, ETC. | |
| Place of publication, distribution, etc. | New York |
| Name of publisher, distributor, etc. | Worth Publishers |
| Date of publication, distribution, etc. | 1970 |
| 300 ## - PHYSICAL DESCRIPTION | |
| Extent | xiii,833 |
| Other physical details | PB |
| 365 ## - TRADE PRICE | |
| Price amount | 1295 |
| Currency code | INR |
| 906 ## - LOCAL DATA ELEMENT F, LDF (RLIN) | |
| a | basis ; Biochemistry: ; cell ; function. ; molecular ; structure |
| 942 ## - ADDED ENTRY ELEMENTS (KOHA) | |
| Source of classification or shelving scheme | Dewey Decimal Classification |
| Koha item type | Book |
| Withdrawn status | Lost status | Damaged status | Not for loan | Collection code | Home library | Current library | Date acquired | Cost, normal purchase price | Total Checkouts | Full call number | Barcode | Date last seen | Date last checked out | Price effective from | Koha item type |
|---|---|---|---|---|---|---|---|---|---|---|---|---|---|---|---|
| Bio Chemistry | St Aloysius PG Library | St Aloysius PG Library | 06/14/2008 | 1295.00 | 1 | 574.192 LEHA | PG010082 | 12/23/2022 | 12/09/2022 | 04/26/2021 | Book |